[Event "Chigorin Memorial 22nd"]
[Site "St Petersburg"]
[Date "2014.10.26"]
[Round "9"]
[White "Smiyan, Vladimir"]
[Black "Dilmukhametov, Artur"]
[Result "0-1"]
[WhiteElo "1994"]
[BlackElo "2157"]
[PlyCount "126"]
[EventDate "2014.10.18"]
[EventType "swiss"]
[EventRounds "9"]
[EventCountry "RUS"]
[SourceTitle "EXT 2015"]
[Source "ChessBase"]
[SourceDate "2014.11.20"]
[SourceVersion "1"]
[SourceVersionDate "2014.11.20"]
[SourceQuality "1"]

1. d4 d5 2. Nf3 Nf6 3. Bf4 c5 4. c3 Nc6 5. e3 Qb6 6. Qb3 c4 7. Qxb6 axb6 8. Be2 Bf5 9. 0-0 h6 10. Nbd2 e6 11. Ne5 b5 12. a3 Be7 13. Rfe1 Nd7 14. Nxd7 Kxd7 15. f3 g5 16. Bg3 Bg6 17. e4 h5 18. h3 f6 19. Bf2 Bd6 20. Nf1 Ne7 21. Rad1 Rhg8 22. g3 Raf8 23. Rd2 h4 24. g4 Bf4 25. Rdd1 Ra8 26. Ra1 Bd6 27. Nd2 Bf4 28. Nf1 Ra5 29. Bd1 Rga8 30. Bc2 f5 31. Re2 dxe4 32. fxe4 fxg4 33. hxg4 Ng8 34. Kg2 h3+ 35. Kxh3 Nf6 36. Ng3 Rh8+ 37. Kg2 Nxg4 38. Rh1 Raa8 39. Ree1 Rxh1 40. Rxh1 Rf8 41. Bb1 Nxf2 42. Kxf2 Bc1+ 43. Ke2 Bxb2 44. Rh6 Rg8 45. Kd2 Bxa3 46. Bc2 b4 47. Ba4+ Ke7 48. Bb5 Bb2 49. Bxc4 Bxc3+ 50. Ke3 Be1 51. Nf5+ Kf6 52. Nd6 Bh4 53. Nf5 b5 54. Bb3 Be1 55. Kf3 g4+ 56. Kxg4 Bd2 57. e5+ Kf7 58. Nd6+ Ke7 59. Rh2 Be4+ 60. Kh3 Rh8+ 61. Kg3 Be1+ 62. Rf2 Bc6 63. d5 Bxd5 0-1

[Event "Voronezh op-B 18th"]
[Site "Voronezh"]
[Date "2014.06.18"]
[Round "7"]
[White "Smiyan, Vladimir"]
[Black "Malin, Alexey"]
[Result "1-0"]
[WhiteElo "2023"]
[BlackElo "1868"]
[PlyCount "65"]
[EventDate "2014.06.12"]
[EventType "swiss"]
[EventRounds "9"]
[EventCountry "RUS"]
[SourceTitle "EXT 2015"]
[Source "ChessBase"]
[SourceDate "2014.11.20"]
[SourceVersion "1"]
[SourceVersionDate "2014.11.20"]
[SourceQuality "1"]

1. d4 d5 2. Nf3 Nc6 3. g3 Bg4 4. h3 Bh5 5. Bg2 Nf6 6. b3 e6 7. Bb2 Bb4+ 8. c3 Bd6 9. Nbd2 0-0 10. 0-0 e5 11. dxe5 Nxe5 12. Rc1 Re8 13. c4 dxc4 14. Nxc4 Nxc4 15. Rxc4 Qe7 16. e3 Rad8 17. Qc1 c6 18. Nd4 Bg6 19. Rd1 Be4 20. Bxe4 Nxe4 21. Nf5 Qe6 22. Rxe4 Qxe4 23. Nxd6 Qf3 24. Rd3 Re7 25. Qc3 f6 26. Qc4+ Kf8 27. Ba3 b5 28. Nxb5 Rxd3 29. Qxd3 cxb5 30. Qd8+ Kf7 31. Qxe7+ Kg6 32. Qe8+ Kh6 33. Qd7 1-0